000 00715nam a2200217Ii 4500
003 JO-AjNU
008 230605s9999||||xx |||||||||||||| ||und||
017 _a2004/8/2097
040 _aJO-AjNU
_bara
_erda
_cJO-AjNU
041 _aara
050 1 4 _aHD2698.A65.2005
100 3 _aعقل،نادية حسن,
_eauthor
_917432
245 0 0 _aالازمة المائية والانتاج الصناعي
250 _aط1
264 3 1 _aعمان:مؤسسة المرشد للاعلانات والنشر،2005
300 _a207ص
336 _atext
_btxt
_2rdacontent
337 _aunmediated
_bn
_2rdamedia
338 _avolume
_bnc
_2rdacarrier
650 4 _aالادارة الصناعية-ادارة المياه
_917433
999 _aA5382
_c8950
_d8950